I-4 NEDEN BU KADAR YETENEKSİZ ERKEK LİDER OLUYOR? (Record no. 1251151)

MARC details
000 -LEADER
sabit uzunluktaki kontrol alanı 00287nam a2200097Ia 4500
001 - KONTROL NUMARASI
kontrol alanı 1251151
005 - EN SON İŞLEMİN TARİH VE ZAMANI
kontrol alanı 20251031150910.0
008 - SABİT-UZUNLUKTA VERİ ÖĞELERİ--GENEL BİLGİ
sabit uzunluktaki kontrol alanı 251031s9999 xx 000 0 und d
245 #0 - ESER / YAZAR
Yazar Adı TOMAS CHAMORRO PREMUZIC
ESER ADI I-4 NEDEN BU KADAR YETENEKSİZ ERKEK LİDER OLUYOR?
260 ## - YAYIN, DAĞITIM, VB.
YAYIN EVİ ORENDA YAYINLARI
Holdings
Düşüm durumu Kayıp durumu Hasar Durumu Ödünç verilmez Ana kütüphane Geçerli Kütüphane Edinilen tarih Toplam ödünç verme sayısı Tam yer numarası Barkod Son görüntüleme tarihi Fiyatın geçerli olmaya başladığı tarih Koha materyal türü
        ŞEHİT BURAK GENÇ CELEP HAVA LOJMAN KÜTÜPHANESİ ŞEHİT BURAK GENÇ CELEP HAVA LOJMAN KÜTÜPHANESİ 30.10.2025   I-4 / GENEL 1 11048690001009205 31.10.2025 31.10.2025 Books